Human resource management (Record no. 2071)

MARC details
000 -LEADER
fixed length control field 00536nam a22001937a 4500
003 - CONTROL NUMBER IDENTIFIER
control field URS
005 - DATE AND TIME OF LATEST TRANSACTION
control field 20220114141958.0
008 - FIXED-LENGTH DATA ELEMENTS--GENERAL INFORMATION
fixed length control field 190514s2000 ph |||| |||| 00| 0 eng d
020 ## - INTERNATIONAL STANDARD BOOK NUMBER
International Standard Book Number 9711110970
040 ## - CATALOGING SOURCE
Transcribing agency URS
Language of cataloging eng
Modifying agency rda
050 14 - LIBRARY OF CONGRESS CALL NUMBER
Classification number HF 5549
Item number .A991 2000
100 ## - MAIN ENTRY--PERSONAL NAME
Personal name Azanza, Patrick A.
245 10 - TITLE STATEMENT
Title Human resource management
Statement of responsibility, etc. Adanza, Patrick A.
264 ## - PRODUCTION, PUBLICATION, DISTRIBUTION, MANUFACTURE, AND COPYRIGHT NOTICE
Place of production, publication, distribution, manufacture Makati City:
Name of producer, publisher, distributor, manufacturer Goodwill Trading;
Date of production, publication, distribution, manufacture, or copyright notice [2000]
300 ## - PHYSICAL DESCRIPTION
Extent 173 pages;
Dimensions 22 cm
504 ## - BIBLIOGRAPHY, ETC. NOTE
Bibliography, etc. note Bibliography: pages 171
650 ## - SUBJECT ADDED ENTRY--TOPICAL TERM
Topical term or geographic name entry element Human Resource Management
942 ## - ADDED ENTRY ELEMENTS (KOHA)
Source of classification or shelving scheme Library of Congress Classification
Koha item type Filipiniana
Holdings
Withdrawn status Source of classification or shelving scheme Damaged status Not for loan Collection code Home library Current library Shelving location Date acquired Total Checkouts Full call number Barcode Date last seen Price effective from Koha item type
  Library of Congress Classification     Non-fiction Cainta College Library Cainta College Library On Display 04/05/2017   HF5549.A991 2000 URSCAI-1779 04/05/2017 04/05/2017 Filipiniana
  Library of Congress Classification     Non-fiction Cainta College Library Cainta College Library On Display 04/05/2017   HF5549.A991 2000 URSCAI-1780 04/05/2017 04/05/2017 Filipiniana

University of Rizal System
Email us at univlibservices@urs.edu.ph

Visit our Website www.urs.edu.ph/library